Statistics for Top 18 Biggest Cities in Afghanistan

Click here to take the quiz!

General Stats

  • This quiz has been taken 6 times
  • The average score is 3 of 18

Answer Stats

Answer% Correct
Kabul
100%
Herat
50%
Kandahar
50%
Jalalabad
17%
Kunduz
17%
Mazar-i-Sharif
17%
Charikar
0%
Fayzabad
0%
Gardez
0%
Ghanzi
0%
Khost
0%
Lashkargah
0%
Maymana
0%
Puli Khumri
0%
Sheberghan
0%
Taloqan
0%
Tarinkot
0%
Zaranj
0%

Score Distribution

Percentile by Number Answered

Percent of People with Each Score

Your Score History

You have not taken this quiz